Business policy : strategy formation and management action /

Guardado en:
Autor Principal: Glueck, William F.
Formato: Libro
Idioma:English
Publicado: New York : McGraw-Hill, c1976.
Edición:2nd ed.
Series:McGraw-Hill series in management.
Materias:
Etiquetas: Agregar Etiqueta
Sin Etiquetas, Sea el primero en etiquetar este registro!
LEADER 00807nam a22002295 4500
001 EAD.ead003349
008 080718s1976####xxud#####b####000#0#eng#d
005 20121221123655.0
245 1 0 |a Business policy :  |b strategy formation and management action /  |c William F. Glueck. 
250 |a 2nd ed. 
260 |a New York :  |b McGraw-Hill,  |c c1976. 
300 |a viii, 687 p. ;  |c 23 cm. 
490 1 |a McGraw-Hill series in management 
504 |a Incluye referencias bibliográficas. 
020 |a 0070235147 
100 1 |a Glueck, William F. 
830 0 |a McGraw-Hill series in management. 
082 0 4 |a 658.4  |2 21 
650 7 |a Planificación estratégica.  |2 isoc 
650 7 |a Gestión industrial.  |2 unbist 
650 7 |a Estrategia empresarial.  |2 unbist 
859 |a AR-BaBDC  |b BIB. ADMINISTRACION - Libros  |h 658.4  |i G522a2  |p b01215